Soñar no es bastante / Jaqueline Brisskin

Novela rosa (novela romántica), gira en torno a una atractiva joven llamada Alicia Hollister, la cual a pesar de sus humildes orígenes, ha logrado cumplir su sueño convirtiéndose en una superestrella de Hollywood, sin embargo, Alicia no ha estado sola en su camino y ha tenido el acompañamiento de su...

Description complète

Enregistré dans:
Détails bibliographiques
Auteur principal: Brisskin, Jaqueline
Format: Livre
Langue:Undetermined
Publié: Buenos Aires, Argentina Emecé 1988
Sujets:
Tags: Ajouter un tag
Pas de tags, Soyez le premier à ajouter un tag!

MARC

LEADER 00000nam a2200000Ia 4500
008 170316s9999 xx 000 0 und d
040 |a cru BVZT 
090 |a 810 B-21.1s 
100 |a Brisskin, Jaqueline 
245 |a Soñar no es bastante / Jaqueline Brisskin 
260 |a Buenos Aires, Argentina  |b Emecé  |c 1988 
300 |a 411 páginas 
520 |a Novela rosa (novela romántica), gira en torno a una atractiva joven llamada Alicia Hollister, la cual a pesar de sus humildes orígenes, ha logrado cumplir su sueño convirtiéndose en una superestrella de Hollywood, sin embargo, Alicia no ha estado sola en su camino y ha tenido el acompañamiento de su esposo Barry, quien tiene influencias en el mundo cinematográfico, no obstante, su carrera como actriz se entorpece cuando se enamora de otro hombre llamado Harp, lo que originará una serie de hechos desafortunados. 
650 |a LITERATURA ESTADOUNIDENSE  |9 25 
650 |a NOVELA  |9 13 
999 |c 5449  |d 5449 
942 |c 15 D  |h 810 B-21.1s  |2 z